| 000 | 00469nam a2200133 a 4500 | ||
|---|---|---|---|
| 008 | 080109s1965 ||||||||||||||||| || u | ||
| 050 | _aQA 37 Fer | ||
| 100 | _aFerrar, William Leonard | ||
| 245 | 1 | 0 | _aMathematics for science |
| 260 |
_aOxford _bThe Clarendon press _c1965 |
||
| 300 | _axi, 328p. : ill. | ||
| 350 | _a0.00 | ||
| 995 |
_D0.00 _FCBU-MAIN LIBRARY (Kitwe) _H1 _I1.50 _M1 _UDAMAGED _ZMain Library Open Access Collection |
||
| 999 |
_c50720 _d50720 |
||